000 00405nam a2200169Ia 4500
005 20240823054554.0
008 240823s9999||||xx |||||||||||||| ||und||
041 _aENGLISH
082 _A004.6 Q6
100 _aAnanda Kumar M
245 0 _aComputer Networks
250 _a1st
260 _c2016
_bARS Publica
500 _aTRANSFERED
650 _aComputer Networks
_bComputer Science
942 _cBK
999 _c226765
_d226765